Missing Word: ABC Dramas Quiz Stats

 Plays Quiz Updated Sep 9, 2014

Challenge
Share
Tweet
Embed
Score 0/14 Timer 04:00
2 Plays Today
Show Missing Word % Correct
Grey's _____Anatomy
98.9%
Once _____ a TimeUpon
96.9%
Charlie's ____Angels
95.2%
Brothers & _____Sisters
92.9%
NYPD ____Blue
88.9%
_____ PeaksTwin
88.4%
My So-Called ____Life
82.4%
Show Missing Word % Correct
Fantasy ____Island
78.8%
____ of S.H.I.E.L.D.Agents
75.7%
Boston _____Legal
70.8%
Spenser: For ____Hire
67.8%
The ____ SquadMod
66.9%
The ____ of San FranciscoStreets
54.1%
Dirty ____ MoneySexy
28.6%

Today's Daily Dose

You're not logged in!

Compare scores with friends on all Sporcle quizzes.
OR
Log In

You Might Also Like...

Show Comments

Extras

Top Quizzes Today


Score Distribution

Your Account Isn't Verified!

In order to create a playlist on Sporcle, you need to verify the email address you used during registration. Go to your Sporcle Settings to finish the process.

Report this User

Report this user for behavior that violates our Community Guidelines.

Details: